000 00292nam a22001337a 4500
008 170929b xxu||||| |||| 00| 0 eng d
020 _a9780874478488
041 _aeng
080 _a37
100 _a47
101 _aEDU
245 _aGETTING FINANCIAL AID
_cVANDERBERG,T
942 _2udc
_cBK
999 _c30692
_d30692